000 00740nam a2200241Ia 4500
005 20250508164151.0
008 008 250505s9999 xx 000 0 eng d
020 _a0-7619-4104-5
037 _aReference
040 _aFEDL
_beng
_cFEDL
041 _aeng
_2eng
084 _a372.7, HAY
_qFEDL
100 _aHaylock Derek
_9777574
245 0 _aUnderstanding mathematics in the lower primary years : a guide for teachers of children 3-8
250 _a2
260 _aLondon, UK
_bPaul Chapman Publishing
_c2003
300 _axiii,238p.
365 _aGBP
_b17.99
650 _aElementary education - Mathematics
_9759059
700 _a Cockburn Anne
_9777575
942 _cREF
_h372.7, HAY
999 _c1387422
_d1387422